| 000 | 00962nam a2200277 a 4500 | ||
|---|---|---|---|
| 001 | BRL_1130 | ||
| 005 | 20190320211040.0 | ||
| 008 | 141113s1977----mx-a######---#000-0#spa-# | ||
| 041 | _aspa | ||
| 044 | _amx | ||
| 050 | 4 |
_aF1219.1.T27 _b.T46 1977 |
|
| 245 | 1 | 0 |
_aDe Teotihuacán a los aztecas _bAntología de fuentes e interpretaciones históricas _cMiguel León-Portilla [compilador]. |
| 260 |
_aMéxico _bUNAM, Instituto de Investigaciones Históricas _c1977 |
||
| 300 |
_a611 p. _bil. _c21 cm. |
||
| 440 | 0 |
_aLecturas Universitarias _v11 _925873 |
|
| 500 | _aAu1305 | ||
| 504 | _aBibliografía: p. 600-611 | ||
| 650 | 1 | 4 |
_aAztecas _xHistoria _92486 |
| 650 | 1 | 4 |
_aAztecas _xVida social y costumbres _925874 |
| 650 | 1 | 4 |
_aToltecas _xHistoria _923758 |
| 651 | 4 |
_aMéxico _xHistoria _yHasta 1519 _99704 |
|
| 651 | 4 |
_aTeotihuacán, Sitio (San Juan Teotihuacán, México) _924316 |
|
| 700 | 1 |
_aLeón Portilla, Miguel _ecomp. _9504 |
|
| 902 | _aGRL | ||
| 942 |
_2lcc _cB |
||
| 999 |
_c9942 _d9942 |
||